Normal view
MARC view
Entry Topical Term
001 - CONTROL NUMBER
- control field: 16136
003 - CONTROL NUMBER IDENTIFIER
- control field: dpl
005 - DATE AND TIME OF LATEST TRANSACTION
- control field: 20100823113229.0
008 - FIXED-LENGTH DATA ELEMENTS
- fixed length control field: 100823|||a|||||| | ||| d
040 ## - CATALOGING SOURCE
- Original cataloging agency: dpl
- Transcribing agency: dpl
150 ## - HEADING--TOPICAL TERM
- Topical term or geographic name as entry element: व्यग्य,हिन्दी
670 ## - SOURCE DATA FOUND
- Source citation: Work cat.: (dpl)34788: सोमानी, नंदकिशोर 16135, प्रगतिशील टांगें /, 2007
670 ## - SOURCE DATA FOUND
- Source citation: Work cat.: (dpl)34788: सोमानी, नंदकिशोर 16135, प्रगतिशील टांगें /, 2007
